Οι μαυρόλυκοι : το χρονικό της τουρκοκρατίας (1565-1799)

Αποθηκεύτηκε σε:
Λεπτομέρειες βιβλιογραφικής εγγραφής
Κύριος συγγραφέας: Πετσάλης-Διομήδης, Θανάσης, 1904-1995
Μορφή: Βιβλίο
Γλώσσα:Greek
Δημοσίευση: Αθήνα : Εστία, 1999
Έκδοση:9η έκδ.
Σειρά:Νεοελληνική λογοτεχνία (Εστία) ; 26; 27
Θέματα:
Ετικέτες: Προσθήκη ετικέτας
Δεν υπάρχουν, Καταχωρήστε ετικέτα πρώτοι!

MARC

LEADER 00000nam a2200000 i 4500
001 1/103587
008 000301s1999 gre d
020 |a 960-05-0853-4 (set) 
035 |l 10058530 
040 |a GR-MY-UA  |b gre  |e aacr 
041 0 |a gre 
082 0 |a 889.34 
100 1 |a Πετσάλης-Διομήδης, Θανάσης,  |d 1904-1995. 
245 1 3 |a Οι μαυρόλυκοι :  |b το χρονικό της τουρκοκρατίας (1565-1799) /  |c Θ. Πετσάλη-Διομήδη 
250 |a 9η έκδ. 
260 |a Αθήνα :   |b Εστία,   |c 1999 
300 |a 2 τ. 
490 1 |a Νεοελληνική λογοτεχνία  |v ; 26; 27 
650 0 0 |a Greek fiction, Modern. 
650 0 0 |a Historical fiction, Greek (Modern) 
830 0 |a Νεοελληνική λογοτεχνία (Εστία)  |v ; 26; 27 
852 |a INST  |b LESVOS  |e 20000301  |h 889.34 ΠΕΤ  |p 005100024272  |q 005100024272  |t BK  |y 0  |z τ.1 
852 |a INST  |b LESVOS  |e 20000913  |h 889.34 ΠΕΤ  |p 005100025544  |q 005100025544  |t BK  |y 0  |z τ.2 
852 |a INST  |b LESVOS  |e 20000301  |h 889.34 ΠΕΤ  |p 005100024272  |q 005100024272  |t BK  |v τ.1:  |y 0  |z τ.1 
852 |a INST  |b LESVOS  |e 20000913  |h 889.34 ΠΕΤ  |p 005100025544  |q 005100025544  |t BK  |v τ.2:  |y 0  |z τ.2 
853 |a INST  |b LESVOS  |h 889.34 ΠΕΤ 
901 |a BIBL1-2000-2 
909 |a Λ  |b 073481 
909 |a Λ  |b 073482 
922 |a 1ΕΛΗ  |b 199912  |c ΚΠΣ/ΤΚΑ  |d EMVASIS 
950 |a 117-1999-12-16 
970 |z 2000/08/ELIDOC